Catálogo
 En Linea

Nociones de derecho laboral :. : (Registro nro. 45122)

Detalles MARC
000 -CABECERA
campo de control de longitud fija 00481nam a2200133 a 4500
001 - NÚMERO DE CONTROL
campo de control 000045633
005 - FECHA Y HORA DE LA ÚLTIMA TRANSACCIÓN
campo de control 20201002052346.0
008 - DATOS DE LONGITUD FIJA--INFORMACIÓN GENERAL
campo de control de longitud fija 150417s1984 000 spa d
040 ## - FUENTE DE LA CATALOGACIÓN
Centro catalogador/agencia de origen DO-SdBNP
100 1# - ENTRADA PRINCIPAL--NOMBRE DE PERSONA
Nombre de persona Minervino G., Manlio A.
9 (RLIN) 73699
245 #0 - MENCIÓN DE TÍTULO
Título Nociones de derecho laboral :. :
Resto del título elaborado de acuerdo con el programa de la carrera de contabilidad /
Mención de responsabilidad, etc. Manlio A. Minervino G.
260 ## - PUBLICACIÓN, DISTRIBUCIÓN, ETC.
Lugar de publicación, distribución, etc. Santo Domingo, República Dominicana, :
Nombre del editor, distribuidor, etc. Offset,
Fecha de publicación, distribución, etc. 1984.
300 ## - DESCRIPCIÓN FÍSICA
Extensión 109 p. : ;
Dimensiones 20 cm.
Existencias
Estado de retiro Estado de pérdida Restricciones de uso No para préstamo Código de colección Localización permanente Ubicación/localización actual Ubicación en estantería Fecha de adquisición Número de inventario Total de préstamos Signatura topográfica completa Código de barras Fecha visto por última vez Precio válido a partir de Tipo de ítem Koha
      Excluido de préstamo Monografías: Libros y Folletos Patrimonio Dominicano Patrimonio Dominicano Depósito 17.04.2015 LF1   45633-10 25.06.2020 25.06.2020 No se presta

Con tecnología Koha